000 00269nam a2200097Ia 4500
001 641646
005 20250826153511.0
008 250824s9999 xx 000 0 und d
245 0 _aSEÇME HİKAYELER ÇEHOV GENÇLİK KLASİKLERİ
_cANTON ÇEHOV
260 _bTİMAŞ ÇOCUK
999 _c641646
_d641646